000 01220nam a22003137a 4500
999 _c64678
_d64678
005 20240530110744.0
008 181119s2017 ua a f b 000 0 ara d
017 _a2016/26619
_bمصر. دار الكتب
020 _a9789778260052
040 _aEG-CaGPL
_cEG-CaGPL
082 0 4 _221
_a537 \
_bهـ أ
100 1 _aهوبى ، البرت
245 1 0 _aاساسيات توليد الكهرباء الحركية /
_cتأليف البرت هوبى ؛ ترجمة ابراهيم جابر السيد
250 _aط.1
260 _aالاسكندرية :
_bدار الكتب والدراسات العربية ،
_c2017 .
300 _a352 ص. ؛
_c24 سم.
490 1 _aسلسلة علم الفيزياء ؛
_v1
504 _aيشتمل على ارجاعات ببليوجرافية
650 0 7 _2qrmak
_aالوحدات
650 0 7 _aالجهد الكهربى
650 0 7 _aالحركة الدورانية
_2qrmak
650 0 7 _aالحركة التذبذبية
_2qrmak
650 0 7 _aالموجات
_2qrmak
650 0 7 _aالاهتزازات
_2qrmak
651 _2qrmak
700 0 _aابراهيم جابر السيد
_eمترجم
942 _2ddc
_cBK